Statistiques concernant Pokémon - Equipe des champions 6G

Cliquez ici pour prendre le quiz!

Statistiques générales

  • Ce quiz a été pris 420 fois
  • Le résultat moyen est 29 sur 44

Statistiques - réponses

HintRéponse% Correct
Prismillon
95%
Ptyranidur
91%
LinoAmagara
90%
Chevroum
90%
Gardevoir
89%
Nymphali
89%
Iguolta
86%
Seracrawl
86%
DianthéaBrutalibré
85%
Brutalibré
85%
Exagide
83%
NarcisseGamblast
81%
Némélios
80%
VioletteArakdo
77%
Dragmara
77%
Machopeur
75%
Leviator
74%
Mistigrix
74%
Rexillius
73%
DracénaKravarech
72%
ThyméoTrousselin
72%
Magnéton
71%
Muplodocus
68%
Bruyverne
67%
Flambusard
66%
UrupBlizzaroi
65%
Golgopathe
63%
Boustiflor
58%
Banshitrouye
54%
Drakkarmin
52%
ValérianeMysdibule
50%
AmaroCotovol
49%
CornéliaKungfouine
49%
Cizayox
47%
Altaria
45%
MalvaChartor
43%
LemEmolga
43%
Hexagel
42%
M.Mime
42%
Tarinorme
39%
Staross
38%
Lugulabre
37%
Roigada
33%
AsteraCryptéro
29%

Distribution des résultats

Percentile par nombre de réponses

% des personnes avec chaque résultat

Votre développement - résultats

Vous n’avez pas pris ce quiz